The Pakistan Project: (Record no. 209586)

MARC details
000 -LEADER
fixed length control field 00611 a2200193 4500
005 - DATE AND TIME OF LATEST TRANSACTION
control field 20250220142413.0
010 ## - LCCN (DPL NO)
LC control number ENG-143048
020 ## - INTERNATIONAL STANDARD BOOK NUMBER
International Standard Book Number 9788188965212
Terms of availability 650.00
035 ## - SYSTEM CONTROL NUMBER
System control number EN-126580
037 ## - SOURCE OF ACQUISITION
Source of stock number/acquisition DBAD
037 ## - SOURCE OF ACQUISITION
Source of stock number/acquisition DBAD
082 ## - DEWEY DECIMAL CLASSIFICATION NUMBER
Classification number 954.91
Edition number 1
100 ## - MAIN ENTRY--PERSONAL NAME
Personal name Saigol, Rubina
245 ## - TITLE STATEMENT
Title The Pakistan Project:
Remainder of title A Feminist Perspective on Nation and Identity/
Statement of responsibility, etc by Rubina Saigol
260 ## - PUBLICATION, DISTRIBUTION, ETC. (IMPRINT)
Place of publication, distribution, etc New Delhi
Name of publisher, distributor, etc Women Unlimited
Date of publication, distribution, etc 2013
270 ## - ADDRESS
Address K-36, Hauz Khas Enclave, Ground Floor,
City New Delhi
Postal code 110 016
300 ## - PHYSICAL DESCRIPTION
Extent xiii,357p.
Dimensions 22cm(pb)
942 ## - ADDED ENTRY ELEMENTS (KOHA)
Institution code [OBSOLETE] dpl
Item type English Books
Source of classification or shelving scheme Dewey Decimal Classification
Classification part 954.91
Call number suffix SAI
Holdings
Withdrawn status Lost status Not for loan Collection code Home library Current library Date acquired Source of acquisition Cost, normal purchase price Full call number Barcode Copy number Cost, replacement price Koha item type
      Non-fiction Central Library Central Library 20/02/2025 Delivery of Books Act Division 650.00 954.91 SAI EN-126580 1 650.00 English Books

© Delhi Public Library
Hit Counter
free hit counter